Facultad de Odontología.  Biblioteca.  Nodo central                      



header.jpg

Diseases of metabolism : (Registro nro. 1425)

Detalles MARC
000 -LEADER
campo de control de longitud fija 01009nam a2200301Ia 4500
003 - IDENTIFICADOR DE NÚMERO DE CONTROL
campo de control OSt
005 - FECHA Y HORA DE LA ÚLTIMA TRANSACCIÓN
campo de control 20230506015137.0
008 - DATOS DE LONGITUD FIJA--INFORMACIÓN GENERAL
campo de control de longitud fija 230417t1959||||xx |||||||||||||| ||und||
040 ## - FUENTE DE CATALOGACIÓN
Centro catalogador/agencia de origen ODONTO
Lengua de catalogación spa
Centro/agencia transcriptor ODONTO
Centro/agencia modificador ODONTO
041 ## - CÓDIGO DE IDIOMA
Código de lengua del texto/banda sonora o título independiente spa
082 ## - NÚMERO DE LA CLASIFICACIÓN DECIMAL DEWEY
Número de clasificación 616.39 D611:4
245 #0 - MENCIÓN DEL TÍTULO
Título Diseases of metabolism :
Resto del título detailed methods of diagnosis and treatment /
Mención de responsabilidad, etc. edit. Garfield C. Duncan.--
250 ## - MENCION DE EDICION
Mención de edición 4 ed.
260 ## - PUBLICACIÓN, DISTRIBUCIÓN, ETC.
Lugar de publicación, distribución, etc. Philadelphia :
Nombre del editor, distribuidor, etc. Saunders,
Fecha de publicación, distribución, etc. 1959.
300 ## - DESCRIPCIÓN FÍSICA
Extensión xxi, 1104 p. :
Otras características físicas il. :
Dimensiones 24 cm.
504 ## - NOTA DE BIBLIOGRAFÍA, ETC.
Nota de bibliografía, etc. Bibliografia capitular e index
650 02 - PUNTO DE ACCESO ADICIONAL DE MATERIA--TÉRMINO DE MATERIA
Término de materia o nombre geográfico como elemento de entrada Metabolismo
9 (RLIN) 4024
650 02 - PUNTO DE ACCESO ADICIONAL DE MATERIA--TÉRMINO DE MATERIA
Término de materia o nombre geográfico como elemento de entrada Metabolismo de las proteinas
9 (RLIN) 4133
650 02 - PUNTO DE ACCESO ADICIONAL DE MATERIA--TÉRMINO DE MATERIA
Término de materia o nombre geográfico como elemento de entrada Metabolismo de los lipidos
9 (RLIN) 4134
650 02 - PUNTO DE ACCESO ADICIONAL DE MATERIA--TÉRMINO DE MATERIA
Término de materia o nombre geográfico como elemento de entrada Metabolismo de los minerales
9 (RLIN) 4135
650 02 - PUNTO DE ACCESO ADICIONAL DE MATERIA--TÉRMINO DE MATERIA
Término de materia o nombre geográfico como elemento de entrada Obesidad
9 (RLIN) 4136
650 02 - PUNTO DE ACCESO ADICIONAL DE MATERIA--TÉRMINO DE MATERIA
Término de materia o nombre geográfico como elemento de entrada Desnutrición
9 (RLIN) 4137
650 02 - PUNTO DE ACCESO ADICIONAL DE MATERIA--TÉRMINO DE MATERIA
Término de materia o nombre geográfico como elemento de entrada Enfermedades
Subdivisión general Metabolismo
9 (RLIN) 4138
700 0# - ENTRADA AGREGADA--NOMBRE PERSONAL
Nombre de persona Duncan, Garfield G.
9 (RLIN) 4139
700 0# - ENTRADA AGREGADA--NOMBRE PERSONAL
Nombre de persona Bauer, Walter
9 (RLIN) 4140
700 0# - ENTRADA AGREGADA--NOMBRE PERSONAL
Nombre de persona Calkins, Evan
9 (RLIN) 4141
942 ## - ELEMENTOS DE ENTRADA SECUNDARIOS (KOHA)
Código de la institución [OBSOLETO] Biblioteca de Odontología
Tipo de ítem Koha Libros
Prefijo de la signatura 616.39 D611:4
Fuente del sistema de clasificación o colocación Clasificación Decimal Dewey
Existencias
Estatus retirado Estado de pérdida Fuente del sistema de clasificación o colocación Estado de daño No para préstamo Biblioteca de origen Biblioteca actual Ubicación en estantería Fecha de adquisición Fuente de adquisición Coste, precio normal de compra Signatura topográfica completa Código de barras Visto por última vez Tipo de ítem Koha
    Clasificación Decimal Dewey     Biblioteca de la Facultad de Odontología Biblioteca de la Facultad de Odontología Colección general 01/01/2004 Saunders 100.00 616.39 D611:4 L00002145 06/05/2023 Libros